The Determinants of Regional Price Disparities Across Market, Consumer, and Strategic Determinants

Na minha lista:
Detalhes bibliográficos
Autor principal: Tatlari, Mohammadreza, 1999-
Formato: Capítulo de Livro
Idioma:inglês
Assuntos:
Tags: Adicionar Tag
Sem tags, seja o primeiro a adicionar uma tag!

MARC

LEADER 00000naa$a2200000$$$4500
001 0314412
005 20260126075528.8
041 0 |a eng 
044 |a SK 
245 1 0 |a The Determinants of Regional Price Disparities Across Market, Consumer, and Strategic Determinants  |c Mohammadreza Tatlari 
610 2 0 |a ekonómia 
610 2 0 |a manažment 
610 2 0 |a podnikanie 
610 2 0 |a digitalizácia 
610 2 0 |a financie 
100 1 |a Tatlari, Mohammadreza, 1999-